Movie Practical Effects Quiz Stats

Quiz Updated Apr 1, 2016

Challenge
Share
Tweet
Score 0/20 Timer 06:00
1 Play Today
% Correct
Raiders of the Lost Ark
97.3%
Jaws
95.2%
King Kong
95.1%
Jurassic Park
94.9%
Alien
91.8%
Star Wars: Episode IV - A New Hope
91.5%
Apollo 13
90.4%
Independence Day
90.4%
Mad Max: Fury Road
89.9%
The Lord of the Rings: The Fellowship of the Ring
89.4%
% Correct
Inception
85.7%
Terminator 2: Judgment Day
73.9%
The Dark Knight
61.2%
2001: A Space Odyssey
60.4%
Mission: Impossible - Rogue Nation
58.2%
Pan's Labyrinth
57.8%
An American Werewolf in London
53.2%
Robocop
48.7%
Jason and the Argonauts
33.1%
The Thing
24.8%

You're not logged in!

Compare scores with friends on all Sporcle quizzes.
Sign Up with Email
OR
Log In

You Might Also Like...

Show Comments

Extras

Top Quizzes Today


Score Distribution

Your Account Isn't Verified!

In order to create a playlist on Sporcle, you need to verify the email address you used during registration. Go to your Sporcle Settings to finish the process.